Statystyki dla Top 10 najbardziej chrześcijańskich krajów europejskich

Kliknij tutaj aby rozwiązać quiz!

Ogólne statystyki

  • Ten quiz został rozwiązany 411 razy
    (398 od ostatniego zresetowania)
  • Średni wynik to 6 z 10

Statystyki odpowiedzi

% Kraj % poprawnych
94.3Polska
99%
100Watykan
84%
98Grecja
72%
91.6San Marino
67%
90.1Chorwacja
63%
98Rumunia
53%
91.0Serbia
53%
89.5Andora
49%
91.6Malta
47%
95.3Mołdawia
36%

Rozkład punktacji

Percentyl według liczby udzielonych odpowiedzi

Procent ludzi z każdym wynikiem

Twoja historia wyników

Nie rozwiązałeś tego quizu od ostatniego zresetowania